| 000 | 00517cam a2200217 4500 | ||
|---|---|---|---|
| 008 | 090401t1992 xxu||||| |||| 00| 0 eng d | ||
| 020 | _a0471936863 | ||
| 035 | _a(Sirsi) u63935 | ||
| 041 | _aeng | ||
| 050 | _a346.41078 | ||
| 100 | _aMarshall, Tim | ||
| 245 | _aEmployment insolvency handbook. | ||
| 260 |
_aLondon _bChancery Law Publishing Ltd. _c1992 |
||
| 300 | _a77p. ; 21cm. | ||
| 350 | _a9.95 | ||
| 650 | _aBANKRUPTCY | ||
| 650 | _aEMPLOYEES | ||
| 690 | _aLAW | ||
| 942 | _n0 | ||
| 948 | _c04/03/1997 | ||
| 999 |
_c94625 _d94625 |
||